Reinar después de morir y El diablo está en Cantillana

Gespeichert in:
Bibliographische Detailangaben
1. Verfasser: Vélez de Guevara, Luis
Format: Buch
Sprache:Undetermined
Veröffentlicht: Madrid, España Espasa-Calpe 1959
Schlagworte:
Tags: Tag hinzufügen
Keine Tags, Fügen Sie den ersten Tag hinzu!

MARC

LEADER 00000nam a2200000Ia 4500
008 170316s9999 xx 000 0 und d
090 |a 862 V-16rd 
100 |a Vélez de Guevara, Luis 
245 |a Reinar después de morir y El diablo está en Cantillana 
260 |a Madrid, España 
260 |b Espasa-Calpe 
260 |c 1959 
300 |a 204 páginas 
650 |a LITERATURA ESPAÑOLA 
999 |c 25947  |d 25947 
040 |a cru BVZT 
942 |c 15 D  |h 862 V-16rd  |2 z